Представление документа в формате MARC21

Поле Инд. ПП Название Значение
Тип записи a
Библиографический уровень b
001 Контрольный номер RU/IS/BASE/131020987
005 Дата корректировки 20200630211028.4
084 a Индекс другой классификации/Индекс ББК 65.261.41в6
100 1_ a Автор Закревский А. В.
245 a Заглавие Оптимизация распределения ресурсов между раскрытием и наказанием уклонений от налогов
504 a Библиография Лит. в конце статьи
520 a Аннотация "Исследуется проблема распределения государством ресурсов налоговой службы между двумя ее функциями: выявлением сокрытий доходов и их наказанием. Строится динамическая управляемая макромодель криминальной обстановки, характеризуемой тремя координатами: объемом невыявленных сокрытий, объемом выявленных, но еще не наказанных сокрытий и объемом средств, возвращенных в госбюджет. На основе гипотез о склонности налогоплательщиков к сокрытию доходов и работе налоговых служб выписывается система дифференциальных уравнений для фазовых координат. Ставится задача минимизации суммарного объема невыявленных и ненаказанных сокрытий, которая аналитически решается на основе принципа максимума. Рассматриваются вопросы реализуемости решений, полученных в детерминированном приближении."
650 a Основная рубрика государственные финансы
a Основная рубрика налоговая система
a Основная рубрика финансы
a Основная рубрика экономика
653 a Ключевые слова государственный бюджет
a Ключевые слова доходы государства
a Ключевые слова контроль за уплатой налогов
a Ключевые слова модель криминогенной обстановки
a Ключевые слова налоговая политика
a Ключевые слова налоговая служба
a Ключевые слова налогово-бюджетная политика
a Ключевые слова налоговое законодательство
a Ключевые слова налоговые преступления
a Ключевые слова налогообложение
a Ключевые слова распределение налоговых ресурсов
a Ключевые слова сокрытие доходов
a Ключевые слова уклонение от уплаты налогов
a Ключевые слова уплата налогов
a Ключевые слова уровень доходов
a Ключевые слова штрафные санкции
700 a Автор Токарев В. В.
q Полное имя Токарев Владимир
773 t Заглавие источника Экономический журнал ВШЭ
d Дата издания источника 2003
g Прочая информация Т. 7, № 4. - С. 441 - 470 : эконом. расчет., граф., рис.
w Контрольный № источника RU/IS/BASE/129821212
901 t Тип документа b